000 01490cam a22003974i 4500
003 PE-LiUPU
005 20250731183409.0
008 171204s2008 ja a r0 000 0 eng d
020 _a9788472072510
035 _a(Sirsi) a240285
040 _aPE-LiUPU
_bspa
_cPE-LiUPU
_erda
049 _aPRUA
082 0 4 _a720.7114
_bT81
_223
245 0 0 _aEn tránsito :
_bproyecto fin de carrera /
_cÓscar Rueda, José Pizarro, editores.
264 1 _aMadrid :
_buniversidad Europea,
_c2016.
300 _a232 páginas :
_bilustraciones ;
_c24 centímetros.
336 _atext
_2rdacontent
337 _aunmediated
_2rdamedia
338 _avolume
_2rdacarrier
505 0 _aEscuela de arquitectura, ingenieria y diseño -- Tribunal fin de carrera -- Proyectos fin de carrera -- Talleres fin de carrera.
526 _aP158
526 _aP146
526 _aP17
526 _aP12
526 _aP06
526 8 _iPrograma académico :
_5PE-LiUPU
541 _g003-1758;
650 0 4 _aFin de carrera.
650 0 4 _aEnd of career.
700 1 _aRueda, Óscar,
_eeditor.
700 1 _aPizarro, José,
_eeditor.
910 _adbm
_bksl
_cksl
_d20171204
596 _a1
942 _2ddc
_cBOOK
999 _a720.7114 T81
_wLC
_c25949
_i77388
_d25949
_e2018-8-24
_f2021-11-9
_g4
_lCCODEBUL1
_mBUL
_n1
_p44.98
_r0
_sY
_tBOOK
_u2017-12-4
_xINGENIERIA
_PP06
_0COMPRA
_o.STAFF. Colección Ingeniería y Arquitectura
980 _81
_gALBERTO SANCHEZ Responsable de Automatización